01272 2200349 4500001002100000005001500021035002000036007000300056008004100059020002200100040002200122082001700144084001700161090002100178090002200199100002300221245004900244250002400293300004100317500009600358650002700454850001200481041000800493504003300501520023200534264003800766336002100804337003000825338002300855999002200878990002200900INLIS00000000085000220190730011507 a0010-0719001003ta190730s2019 yoia g ind d a978-623-7212-02-7 aYOPDYOGbinderda042[23]a959.82 a959.82 SAP r aDEP 959.82 SAP r aCB-D.11 2019-10410 aSaprillahePenulis01aRongkong tanah masakke /cPenulis, Saprillah aCetakan I, Mei 2019 avi, 14 halaman :bIlustrasi ;c20 cm aBuku ini diterbitkan atas kerjasama dengan Balai Penelitian dan Pengembangan Agama Makassar 4aKebudayaan--zRongkong aYOPDYOG aind aBibliografi: halaman 113-114 aBuku tentang Rongkong ini merupakan pintu awal bagi peneliti, khususnya Kabupaten Luwu untuk mengenali betapa beragamnya kebudayaan nasional. Menghilangkan stigma buruk dan jelek yang dilekatkan kepada orang Rongkong selama ini 1aYogyakarta :bLintas Nalar,c2019 2rdacontentateks 2rdamediaatanpa perantara 2rdacarrieravolume aCB-D.11/2019-1041 aCB-D.11/2019-1041